000 00615nam a2200217Ia 4500
003 OSt
005 20220928111210.0
006 a|||||r|||| 00| 0
007 ta
008 220927b |||||||| |||| 00| 0 eng d
024 _a40609
037 _cReference Collections
040 _aSDCL
_cSDCL
_beng
041 _2eng
_aeng
082 _aY15w2, N7, L6 RR
245 0 _aDIRECTORY OF Indian women today, 1976.
260 _aNew Delhi
_bIndia International Publications
_c1976
300 _a660,livp
_ccm.
942 _hY15w2, N7, L6 RR
_cREF
_2CC
999 _c738847
_d738847